[Event "FRA-chT Top 12 2019"]
[Site "Brest"]
[Date "2019.05.27"]
[Round "10.6"]
[White "Demuth, Adrien"]
[Black "Leconte, Maria"]
[Result "1-0"]
[WhiteElo "2517"]
[BlackElo "2246"]
[Annotator "ChessBase"]
[PlyCount "47"]
[EventDate "2019.05.18"]
[EventType "team-tourn"]
[EventCountry "FRA"]
[SourceTitle "playchess.com"]
[Source "ChessBase"]
[SourceQuality "1"]
[TimeControl "40/5400+30:1800+30"]

1. Nf3 {[%emt 0:00:00]} d5 {[%emt 0:00:00]} 2. d4 {[%emt 0:00:00]} c5 {[%emt 0:00:14]} 3. c4 {[%emt 0:00:35]} e6 {[%emt 0:00:30]} 4. cxd5 {[%emt 0:00:14]} exd5 {[%emt 0:00:04]} 5. Nc3 {[%emt 0:00:15]} Nc6 {[%emt 0:00:15]} 6. dxc5 {[%emt 0:00:31]} d4 {[%emt 0:00:18]} 7. Na4 {[%emt 0:00:06]} Bxc5 {[%emt 0:03:08]} 8. Nxc5 {[%emt 0:00:07]} Qa5+ {[%emt 0:00:04]} 9. Bd2 {[%emt 0:00:32]} Qxc5 {[%emt 0:00:05]} 10. b4 {[%emt 0:00:12]} Qb6 {[%emt 0:06:27]} 11. Qa4 {[%emt 0:02:25]} a6 {[%emt 0:08:40]} 12. e3 {[%emt 0:00:18]} dxe3 {[%emt 0:06:24]} 13. fxe3 {[%emt 0:01:00]} Bd7 {[%emt 0:11:47]} 14. b5 {[%emt 0:05:44]} Nd8 {[%emt 0:06:40]} 15. Qa3 {[%emt 0:23:38]} Ne7 {[%emt 0:10:01]} 16. Bb4 {[%emt 0:17:21]} Nd5 {[%emt 0:02:19]} 17. Bd2 {[%emt 0:14:18]} Ra7 {[%emt 0:21:36]} 18. bxa6 {[%emt 0:02:30]} bxa6 {[%emt 0:00:04]} 19. Bc4 {[%emt 0:04:14]} Be6 {[%emt 0:03:39]} 20. e4 {[%emt 0:08:24]} Nb4 {[%emt 0:06:25]} 21. Bxb4 {[%emt 0:02:10]} Bxc4 {[%emt 0:00:04]} 22. Bc5 {[%emt 0:00:09]} Qg6 {[%emt 0:01:16]} 23. Bxa7 {[%emt 0:00:50]} Qxg2 {[%emt 0:05:07]} 24. O-O-O {[%emt 0:00:17]} 1-0

[Event "FRA-chT Top 12 2019"]
[Site "Brest"]
[Date "2019.05.27"]
[Round "10.6"]
[White "Riff, Jean-Noel"]
[Black "Charmeteau, Sven"]
[Result "1-0"]
[WhiteElo "2494"]
[BlackElo "2292"]
[Annotator "ChessBase"]
[PlyCount "53"]
[EventDate "2019.05.18"]
[EventType "team-tourn"]
[EventCountry "FRA"]
[SourceTitle "playchess.com"]
[Source "ChessBase"]
[SourceQuality "1"]
[TimeControl "40/5400+30:1800+30"]

1. e4 {[%emt 0:00:00]} c5 {[%emt 0:00:00]} 2. Nf3 {[%emt 0:00:00]} Nc6 {[%emt 0:00:00]} 3. d4 {[%emt 0:00:00]} cxd4 {[%emt 0:00:00]} 4. Nxd4 {[%emt 0:00:00]} e5 {[%emt 0:00:00]} 5. Nb5 {[%emt 0:00:00]} d6 {[%emt 0:00:02]} 6. N1c3 {[%emt 0:00:00]} a6 {[%emt 0:00:05]} 7. Na3 {[%emt 0:00:03]} Be7 {[%emt 0:00:06]} 8. Be3 {[%emt 0:02:01]} Nf6 {[%emt 0:00:23]} 9. Nc4 {[%emt 0:00:29]} b5 {[%emt 0:00:33]} 10. Nb6 {[%emt 0:00:06]} Rb8 {[%emt 0:00:03]} 11. Nxc8 {[%emt 0:00:05]} Qxc8 {[%emt 0:00:05]} 12. Be2 {[%emt 0:00:14]} O-O {[%emt 0:03:22]} 13. a3 {[%emt 0:01:28]} a5 {[%emt 0:07:42]} 14. Nxb5 {[%emt 0:10:10]} Nxe4 {[%emt 0:00:23]} 15. O-O {[%emt 0:00:06]} Rd8 {[%emt 0:09:17]} 16. c4 {[%emt 0:02:12]} Nf6 {[%emt 0:15:18]} 17. Rc1 {[%emt 0:06:14]} Qb7 {[%emt 0:01:27]} 18. Qa4 {[%emt 0:03:49]} d5 {[%emt 0:25:11]} 19. cxd5 {[%emt 0:04:52]} Nxd5 {[%emt 0:00:26]} 20. Qc4 {[%emt 0:00:36]} Nd4 {[%emt 0:00:23]} 21. Nxd4 {[%emt 0:01:03]} exd4 {[%emt 0:00:05]} 22. Bxd4 {[%emt 0:00:25]} Nb6 {[%emt 0:00:48]} 23. Qc3 {[%emt 0:03:56]} Qe4 {[%emt 0:06:19]} 24. Be5 {[%emt 0:14:58]} Rbc8 {[%emt 0:06:08]} 25. Qg3 {[%emt 0:02:18]} f6 {[%emt 0:09:37]} 26. Bc7 {[%emt 0:01:05]} Rd7 {[%emt 0:11:11]} 27. Bb5 {[%emt 0:02:46]} 1-0

[Event "FRA-chT Top 12 2019"]
[Site "Brest"]
[Date "2019.05.27"]
[Round "10.6"]
[White "Delorme, Axel"]
[Black "Vitoux, Colomban"]
[Result "1/2-1/2"]
[WhiteElo "2489"]
[BlackElo "2384"]
[Annotator "ChessBase"]
[PlyCount "47"]
[EventDate "2019.05.18"]
[EventType "team-tourn"]
[EventCountry "FRA"]
[SourceTitle "playchess.com"]
[Source "ChessBase"]
[SourceQuality "1"]
[TimeControl "40/5400+30:1800+30"]

1. Nf3 {[%emt 0:00:00]} Nf6 {[%emt 0:01:18]} 2. g3 {[%emt 0:00:38]} g6 {[%emt 0:00:08]} 3. b3 {[%emt 0:00:12]} Bg7 {[%emt 0:00:25]} 4. Bb2 {[%emt 0:00:07]} c5 {[%emt 0:02:18]} 5. c4 {[%emt 0:00:56]} b6 {[%emt 0:00:44]} 6. Bg2 {[%emt 0:00:27]} Bb7 {[%emt 0:00:04]} 7. O-O {[%emt 0:00:37]} O-O {[%emt 0:00:47]} 8. d4 {[%emt 0:02:11]} cxd4 {[%emt 0:01:00]} 9. Qxd4 {[%emt 0:01:47]} d6 {[%emt 0:01:12]} 10. Nc3 {[%emt 0:05:17]} Nbd7 {[%emt 0:05:40]} 11. Rfd1 {[%emt 0:06:39]} Rc8 {[%emt 0:07:08]} 12. Rac1 {[%emt 0:04:48]} a6 {[%emt 0:23:31]} 13. Ne1 {[%emt 0:11:41]} Ne4 {[%emt 0:06:50]} 14. Qe3 {[%emt 0:03:05]} Bxc3 {[%emt 0:05:34]} 15. Bxc3 {[%emt 0:00:40]} Nxc3 {[%emt 0:00:26]} 16. Rxc3 {[%emt 0:01:09]} Bxg2 {[%emt 0:08:01]} 17. Nxg2 {[%emt 0:00:19]} Rc5 {[%emt 0:00:29]} 18. Nf4 {[%emt 0:01:55]} Nf6 {[%emt 0:04:07]} 19. b4 {[%emt 0:05:25]} Rc6 {[%emt 0:14:33]} 20. Nd5 {[%emt 0:06:21]} e6 {[%emt 0:03:48]} 21. Nf4 {[%emt 0:08:57]} Qc7 {[%emt 0:00:18]} 22. Rdc1 {[%emt 0:00:52]} Rc8 {[%emt 0:00:49]} 23. Qf3 {[%emt 0:00:09]} Kg7 {[%emt 0:03:50]} 24. Nd3 {[%emt 0:03:59]} 1/2-1/2

[Event "FRA-chT Top 12 2019"]
[Site "Brest"]
[Date "2019.05.27"]
[Round "10.6"]
[White "Lamard, Guillaume"]
[Black "Colin, Vincent"]
[Result "1/2-1/2"]
[WhiteElo "2405"]
[BlackElo "2383"]
[Annotator "NA"]
[PlyCount "102"]
[EventDate "2019.05.18"]
[EventType "team-tourn"]
[EventCountry "FRA"]
[SourceTitle "playchess.com"]
[Source "ChessBase"]
[SourceQuality "1"]
[TimeControl "40/5400+30:1800+30"]

1. Nf3 {[%emt 0:00:00]} Nf6 {[%emt 0:00:00]} 2. g3 {[%emt 0:00:12]} g6 {[%emt 0:00:00]} 3. b3 {[%emt 0:00:03]} Bg7 {[%emt 0:00:11]} 4. Bb2 {[%emt 0:00:03]} O-O {[%emt 0:00:14]} 5. Bg2 {[%emt 0:00:02]} d6 {[%emt 0:00:07]} 6. d4 {[%emt 0:00:04]} Ne4 {[%emt 0:06:21]} 7. O-O {[%emt 0:01:01]} c5 {[%emt 0:06:03]} 8. e3 {[%emt 0:01:05]} Nc6 {[%emt 0:03:44]} 9. c4 {[%emt 0:05:51]} cxd4 {[%emt 0:03:17]} 10. Nxd4 {[%emt 0:01:13]} Nxd4 {[%emt 0:00:14]} 11. Bxd4 {[%emt 0:00:10]} Nf6 {[%emt 0:01:43]} 12. Qd2 {[%emt 0:02:56]} h5 {[%emt 0:04:54]} 13. h4 {[%emt 0:09:06]} a6 {[%emt 0:07:43]} 14. a4 {[%emt 0:13:47]} a5 {[%emt 0:05:38]} 15. Qb2 {[%emt 0:04:58]} e5 {[%emt 0:05:38]} 16. Bc3 {[%emt 0:00:30]} Ng4 {[%emt 0:00:06]} 17. Nd2 {[%emt 0:01:07]} g5 {[%emt 0:05:12]} 18. hxg5 {[%emt 0:02:29]} Qxg5 {[%emt 0:04:52]} 19. Nf3 {[%emt 0:02:20]} Qe7 {[%emt 0:02:53]} 20. Rad1 {[%emt 0:12:20]} f5 {[%emt 0:04:45]} 21. Qd2 {[%emt 0:10:15]} Ra6 {[%emt 0:03:29]} 22. Nh4 {[%emt 0:05:41]} Qc7 {[%emt 0:03:40]} 23. f3 {[%emt 0:02:53]} Nh6 {[%emt 0:03:17]} 24. e4 {[%emt 0:09:39]} Qb6+ {[%emt 0:02:34]} 25. Kh1 {[%emt 0:00:05]} Qxb3 {[%emt 0:00:10]} 26. Qd5+ {[%emt 0:02:53]} Kh7 {[%emt 0:01:46]} 27. Bd2 {[%emt 0:00:01]} Qxa4 {[%emt 0:12:59]} 28. Bxh6 {[%emt 0:00:31]} Bxh6 {[%emt 0:02:37]} 29. exf5 {[%emt 0:04:55]} Rc6 {[%emt 0:03:08]} 30. f4 {[%emt 0:04:18]} Qxc4 {[%emt 0:02:15]} 31. fxe5 {[%emt 0:00:16]} dxe5 {[%emt 0:00:33]} 32. Qxe5 {[%emt 0:01:17]} Rcf6 {[%emt 0:01:07]} 33. Rd8 {[%emt 0:01:42]} Qf7 {[%emt 0:01:40]} 34. Rxf8 {[%emt 0:00:40]} Bxf8 {[%emt 0:00:12]} 35. Rd1 {[%emt 0:01:27]} Bg7 {[%emt 0:01:03]} 36. Qxa5 {[%emt 0:00:22]} Bd7 {[%emt 0:01:21]} 37. Bxb7 {[%emt 0:00:17]} Bxf5 {[%emt 0:00:19]} 38. Bd5 {[%emt 0:00:38]} Be6 {[%emt 0:01:28]} 39. Be4+ {[%emt 0:00:04]} Kg8 {[%emt 0:00:09]} 40. Rd8+ {[%emt 0:00:55]} Bf8 {[%emt 0:00:01]} 41. Qg5+ {[%emt 0:07:10]} Qg7 {[%emt 0:03:00]} 42. Ng6 {[%emt 0:02:46]} Bg4 {[%emt 0:03:35]} 43. Qd5+ {[%emt 0:14:08]} Be6 {[%emt 0:04:03]} 44. Nxf8 {[%emt 0:05:54]} Rf1+ {[%emt 0:02:12]} 45. Kg2 {[%emt 0:00:04]} Rg1+ {[%emt 0:00:04]} 46. Kxg1 {[%emt 0:01:01]} Qxg3+ {[%emt 0:00:07]} 47. Kf1 {[%emt 0:00:11]} Bxd5 {[%emt 0:00:32]} 48. Bxd5+ {[%emt 0:01:40]} Kg7 {[%emt 0:00:09]} 49. Ne6+ {[%emt 0:00:38]} Kf6 {[%emt 0:00:03]} 50. Rf8+ {[%emt 0:01:25]} Ke5 {[%emt 0:01:46]} 51. Rf3 {[%emt 0:00:45]} Qxf3+ {[%emt 0:00:46]} 1/2-1/2

[Event "FRA-chT Top 12 2019"]
[Site "Brest"]
[Date "2019.05.27"]
[Round "10.6"]
[White "Riff, Vincent"]
[Black "Iglesias, Joachim"]
[Result "1-0"]
[WhiteElo "2399"]
[BlackElo "2276"]
[Annotator "NA"]
[PlyCount "113"]
[EventDate "2019.05.18"]
[EventType "team-tourn"]
[EventCountry "FRA"]
[SourceTitle "playchess.com"]
[Source "ChessBase"]
[SourceQuality "1"]
[TimeControl "40/5400+30:1800+30"]

1. d4 {[%emt 0:00:00]} g6 {[%emt 0:00:00]} 2. Nf3 {[%emt 0:00:08]} Bg7 {[%emt 0:00:00]} 3. c4 {[%emt 0:00:14]} d6 {[%emt 0:00:05]} 4. Nc3 {[%emt 0:03:43]} Nf6 {[%emt 0:00:21]} 5. e4 {[%emt 0:03:16]} O-O {[%emt 0:00:20]} 6. Be2 {[%emt 0:00:06]} Na6 {[%emt 0:00:23]} 7. O-O {[%emt 0:01:35]} e5 {[%emt 0:02:53]} 8. dxe5 {[%emt 0:04:30]} dxe5 {[%emt 0:02:14]} 9. Be3 {[%emt 0:00:08]} c6 {[%emt 0:00:58]} 10. a3 {[%emt 0:01:00]} Ng4 {[%emt 0:06:04]} 11. Bg5 {[%emt 0:05:08]} f6 {[%emt 0:01:26]} 12. Bd2 {[%emt 0:05:47]} Nc5 {[%emt 0:17:09]} 13. h3 {[%emt 0:02:12]} Nh6 {[%emt 0:00:40]} 14. Be3 {[%emt 0:00:42]} Qe7 {[%emt 0:01:24]} 15. b4 {[%emt 0:04:45]} Ne6 {[%emt 0:00:27]} 16. Qb3 {[%emt 0:00:20]} Nf7 {[%emt 0:00:55]} 17. Rfd1 {[%emt 0:01:10]} f5 {[%emt 0:03:32]} 18. Rac1 {[%emt 0:22:06]} f4 {[%emt 0:02:54]} 19. Bc5 {[%emt 0:03:58]} Nxc5 {[%emt 0:01:02]} 20. bxc5 {[%emt 0:00:07]} Qxc5 {[%emt 0:02:56]} 21. Na4 {[%emt 0:01:30]} Qe7 {[%emt 0:00:56]} 22. c5 {[%emt 0:01:35]} h5 {[%emt 0:06:23]} 23. Nb2 {[%emt 0:08:40]} Kh7 {[%emt 0:06:51]} 24. Nc4 {[%emt 0:00:59]} Be6 {[%emt 0:03:07]} 25. Qb4 {[%emt 0:00:30]} Rab8 {[%emt 0:03:39]} 26. Qa5 {[%emt 0:02:00]} Bf6 {[%emt 0:04:58]} 27. Nd6 {[%emt 0:03:29]} g5 {[%emt 0:05:30]} 28. Nh2 {[%emt 0:00:50]} Nxd6 {[%emt 0:06:48]} 29. Rxd6 {[%emt 0:02:01]} g4 {[%emt 0:06:49]} 30. hxg4 {[%emt 0:00:35]} Rg8 {[%emt 0:00:09]} 31. Qc3 {[%emt 0:02:03]} Bxg4 {[%emt 0:02:14]} 32. Bxg4 {[%emt 0:07:24]} hxg4 {[%emt 0:00:08]} 33. Rcd1 {[%emt 0:00:10]} Kh8 {[%emt 0:03:47]} 34. Rd7 {[%emt 0:09:55]} Rbd8 {[%emt 0:02:15]} 35. Nxg4 {[%emt 0:00:05]} Rxd7 {[%emt 0:02:11]} 36. Qh3+ {[%emt 0:00:02]} Qh7 {[%emt 0:00:35]} 37. Rxd7 {[%emt 0:00:08]} Qxh3 {[%emt 0:00:10]} 38. gxh3 {[%emt 0:00:02]} Rg7 {[%emt 0:00:59]} 39. Rd3 {[%emt 0:02:18]} Be7 {[%emt 0:02:25]} 40. Rc3 {[%emt 0:00:05]} Bd8 {[%emt 0:00:28]} 41. Kf1 {[%emt 0:32:28]} Bc7 {[%emt 0:31:04]} 42. Ke2 {[%emt 0:00:00]} Kg8 {[%emt 0:00:00]} 43. Nh6+ {[%emt 0:00:00]} Kf8 {[%emt 0:00:00]} 44. h4 {[%emt 0:00:00]} Rg2 {[%emt 0:00:00]} 45. Nf5 {[%emt 0:00:00]} Rh2 {[%emt 0:00:00]} 46. Kf1 {[%emt 0:00:00]} Rh1+ {[%emt 0:00:00]} 47. Kg2 {[%emt 0:00:00]} Re1 {[%emt 0:00:00]} 48. Kf3 {[%emt 0:00:00]} Kf7 {[%emt 0:00:00]} 49. Rd3 {[%emt 0:00:00]} Ke6 {[%emt 0:00:00]} 50. h5 {[%emt 0:00:00]} Rg1 {[%emt 0:00:00]} 51. h6 {[%emt 0:00:00]} b5 {[%emt 0:00:00]} 52. Ng7+ {[%emt 0:00:00]} Ke7 {[%emt 0:00:00]} 53. Nf5+ {[%emt 0:00:00]} Ke6 {[%emt 0:00:00]} 54. Nh4 {[%emt 0:00:00]} Rh1 {[%emt 0:00:37]} 55. Kg4 {[%emt 0:00:00]} Rg1+ {[%emt 0:00:20]} 56. Kh5 {[%emt 0:00:00]} Kf6 {[%emt 0:01:29]} 57. h7 {[%emt 0:00:00]} 1-0

[Event "FRA-chT Top 12 2019"]
[Site "Brest"]
[Date "2019.05.27"]
[Round "10.7"]
[White "Edouard, Romain"]
[Black "Movsesian, Sergei"]
[Result "1/2-1/2"]
[WhiteElo "2642"]
[BlackElo "2645"]
[Annotator "TA"]
[PlyCount "137"]
[EventDate "2019.05.18"]
[EventType "team-tourn"]
[EventCountry "FRA"]
[SourceTitle "playchess.com"]
[Source "ChessBase"]
[SourceQuality "1"]

{[%evp 13,137,22,40,28,31,32,41,33,39,29,30,41,16,20,38,27,30,0,0,-55,-58,-66,-65,-63,-63,-63,-59,-62,-64,-96,-80,-87,-87,-91,-83,-73,-34,-35,-38,-36,-40,-71,-47,-84,-54,-54,-54,-54,-55,-59,-54,-67,-66,-66,-54,-54,-54,-54,-54,-57,-66,-73,-73,-73,-76,-71,-69,-68,-68,-69,-76,-84,-84,-83,-84,-85,-85,-80,-31,-42,-48,-59,-24,-24,-24,-24,-24,-32,-25,-98,-98,-93,-68,-97,-98,-158,-167,-229,-239,-277,-277,-258,-212,-291,-274,-276,-204,-126,-79,-162,-33,-1197,-8,-8,-8,-8,-8,-8,0,0,0,0,0,0,0,0]} 1. e4 c5 2. Nf3 e6 3. d4 cxd4 4. Nxd4 Nc6 5. Nc3 Qc7 6. g3 a6 7. Bg2 h5 8. O-O {B47: Sicilian: Taimanov: 5 Nc3 Qc7 6 f4, 6 g3 and 6 Be2} (8. Bg5 h4 9. gxh4 Nge7 10. Nxc6 bxc6 11. Qd3 Ng6 12. O-O-O f6 13. Bd2 Kf7 14. Rhg1 Rxh4 15. Bf1 Qxh2 {0-1 (34) Kraemer,M (2575)-Jakovenko,D (2710) Germany 2018}) 8... h4 9. Re1 hxg3 10. hxg3 {White is slightly better.} d6 11. Nxc6 bxc6 12. e5 d5 13. Na4 Ne7 14. c4 Nf5 15. cxd5 $146 ({Predecessor:} 15. Bd2 Be7 {0-1 (49) Sanchez Vigon,D (2220)-Domingo Nunez,A (2373) Linares 2018}) 15... cxd5 16. Be3 (16. Bd2 $11) 16... Nxe3 $15 ({Don't go for} 16... Qxe5 $2 17. Nb6 $18) 17. Rxe3 Bd7 18. Rc1 Qa5 $1 19. b3 Bb4 20. Re2 O-O 21. Qd4 Rfc8 22. Rec2 Rxc2 23. Rxc2 Bxa4 24. bxa4 Bf8 25. Bf1 Rb8 26. Kg2 Qe1 27. Re2 Qc1 28. Qe3 Qxe3 (28... Qc6 {seems wilder.} 29. Rd2 Qxa4 30. Bd3 a5 31. Rc2 Qd7) 29. Rxe3 $17 {[%mdl 4096] Endgame KRB-KRB} Rb4 30. Bxa6 Rxa4 31. Bb5 Rxa2 32. Re2 Ra5 33. Rb2 g6 34. f4 Kg7 35. Bd7 Ra7 36. Bc6 Rc7 37. Rb6 Bc5 38. Ra6 Bd4 39. Kf3 Rc8 40. Kg4 Bf2 41. Kf3 Bc5 42. g4 Rb8 43. f5 Rb3+ ({Much weaker is} 43... exf5 44. gxf5 Rb3+ 45. Kf4 $11) 44. Kg2 Rb2+ 45. Kg3 Bb6 46. Bd7 exf5 47. gxf5 Bc7 48. fxg6 fxg6 49. Kf3 Rb3+ 50. Kg2 d4 51. e6 (51. Be8 $11 {remains equal.}) 51... Kf6 52. Ra1 Bf4 53. Ra8 {aiming for Rf8+.} Bd6 54. Ra6 (54. Ra2 $142) 54... Ke7 $1 55. Ra7 (55. Ra4 $142) 55... Rc3 $1 $19 56. Kf2 {[#]} g5 $1 57. Ke2 g4 58. Bc6+ Kf6 ({And not} 58... Kxe6 59. Bd7+ Kd5 60. Bxg4 $11) 59. Bd5 Ke5 60. Ba2 g3 {White must now prevent ...d3+.} 61. Kf1 (61. e7 $17 {might work better.} Re3+ 62. Kf1) 61... Re3 ({Better is} 61... Kf4 $19 {...Rc1+ is the strong threat.} 62. Rf7+ Kg5) 62. Rd7 $2 {[%mdl 8192] [#]} (62. Bc4 $15) 62... Rf3+ $2 (62... g2+ $1 $19 {[%mdl 512]} 63. Kxg2 Re2+ {[%mdl 64] Double Attack} 64. Kf3 Rxa2) 63. Kg1 $11 {The position is equal.} Rf8 (63... d3 $5 64. Bb3 $8 Rf8 $11) 64. Bc4 Rc8 65. e7 {Threatens to win with Rd8.} Bxe7 66. Rxe7+ Kd6 67. Re6+ Kd7 68. Bb3 Rb8 69. Re4 {Accuracy: White = 55%, Black = 64%.} 1/2-1/2

[Event "FRA-chT Top 12 2019"]
[Site "Brest"]
[Date "2019.05.27"]
[Round "10.7"]
[White "Terrieux, Kevin"]
[Black "Relange, Eloi"]
[Result "0-1"]
[WhiteElo "2455"]
[BlackElo "2456"]
[Annotator "TA"]
[PlyCount "114"]
[EventDate "2019.05.18"]
[EventType "team-tourn"]
[EventCountry "FRA"]
[SourceTitle "playchess.com"]
[Source "ChessBase"]
[SourceQuality "1"]

{[%evp 14,114,37,37,33,37,43,31,30,38,35,0,16,19,32,14,33,28,19,0,8,0,38,30,59,44,31,-56,-45,-91,0,-72,0,-34,-23,-9,0,0,0,-164,-164,-158,-156,-165,-162,-155,-58,-453,-403,-391,-397,-412,-385,-351,-333,-354,-363,-363,-363,-363,-350,-350,-350,-350,-322,-697,-694,-685,-680,-679,-656,-704,-644,-29943,-1346,-5616,-4710,-29950,-29952,-29959,-29960,-29960,-29961,-29964,-29965,-29965,-29967,-29966,-29966,-29964,-29966,-29965,-7670,-29972,-29971,-29971,-29954,-29971,-29971,-29969,-29970,-29966,-29943]} 1. d4 d6 2. e4 Nf6 3. Nc3 e5 4. Nf3 Nbd7 5. Bc4 Be7 6. a4 O-O 7. O-O c6 8. h3 Re8 {C41: Philidor Defence} (8... h6 9. Re1 Re8 10. Ba2 exd4 11. Nxd4 Bf8 12. Be3 Nxe4 13. Nxe4 Rxe4 14. Qf3 d5 15. Rad1 Ne5 16. Qg3 Ng6 17. c4 Bd6 {0-1 (38) Saric,I (2695)-Ivanisevic,I (2603) Skopje 2018}) 9. Re1 Qc7 10. a5 exd4 {White is slightly better.} 11. Nxd4 Ne5 12. Bf1 Bd7 13. f4 Ng6 14. g4 {Black should prevent f5.} h6 $146 ({Predecessor:} 14... d5 15. e5 Bc5 16. Be3 {0-1 (71) Tippleston,C (2150)-Adams,D (2217) England 2012}) 15. Nf5 Bf8 16. Bd2 Rad8 (16... b5 $5 {[%cal Rb5b4]}) 17. Bd3 b5 18. axb6 Qxb6+ {[%mdl 64] Double Attack} 19. Be3 c5 20. Ra6 (20. Qf3 $14) 20... Qxb2 $15 21. Qd2 {[#]} Qb8 ({Black should play} 21... Bxf5 $1 $17 22. Rb1 (22. gxf5 Nh4 $17) 22... Nxe4 23. Bxe4 {[#]} Qxb1+ $1 {[%mdl 512]} 24. Nxb1 Bxe4) 22. Ng3 (22. Rb1 $11 {keeps the balance.} Qc8 23. Nxd6 Bxd6 24. Rxd6) 22... d5 (22... Qc8 $17 {Hoping for ...c4.} 23. Rxa7 Bc6) 23. exd5 (23. Rb1 $5 {[%cal Rb1b8]} Qa8 24. Rxf6 $11) 23... Nxf4 24. Bxf4 Rxe1+ 25. Kg2 Qb4 {And now ...Rde8 would win.} 26. Bxh6 $2 (26. Rxf6 $1 $11 {and White has nothing to worry.} gxf6 27. Nh5) 26... Rde8 (26... gxh6 27. Rxf6 Rde8 28. Bh7+ Kxh7 29. Rxf7+ Kg8 30. Rxd7 $17) 27. Rxf6 gxf6 28. Bxf8 Kxf8 29. Qh6+ Ke7 30. d6+ $2 {[%mdl 8192]} ({White has to play} 30. Nge4 $1 $15 Qd4 31. Qf4) 30... Kd8 31. Qxf6+ Kc8 32. Nd5 Qd2+ 33. Qf2 Qxf2+ 34. Kxf2 Ra1 35. Ne7+ Kd8 36. Ne4 Rxe7 37. dxe7+ Kxe7 38. Nxc5 $19 {[%mdl 4096] Endgame KRB-KBN} a5 {[%cal Ba7a5,Ba5a4,Ba4a3][%mdl 32]} 39. Nb3 $2 (39. Ke3) 39... Ra2 40. Ke3 a4 41. Nd4 a3 42. Kd2 Ra1 {Threatens to win with ...a2.} 43. Kc3 Rb1 44. Bc4 Be6 45. Nxe6 fxe6 {KR-KB} 46. h4 Rb8 47. Ba2 Kd6 48. h5 Rg8 49. Kb4 Rxg4+ 50. Kxa3 Rh4 51. Kb2 Rxh5 52. Kc3 e5 (52... Rh4 $142 53. Kd3 Ke5 54. Kd2 Kf5 55. Bb3 e5 56. Bg8 e4 57. Ke3 Rh3+ 58. Kd2 Kf4 59. Bc4 Kf3 60. Bd5 Rh6 61. c4 Rh4 62. Bc6 Kf2 63. Bxe4 Rxe4 64. c5 Rc4 65. Kd3 Rxc5 66. Ke4 Rc8 67. Ke5 Ke3 68. Ke6 Rd8 69. Kf7 Rd5 70. Kf6 Kf4 71. Ke6 Rd3 72. Kf6 Re3 73. Kg6 Re6+ 74. Kf7 Kf5 75. Kg7 Re7+ 76. Kf8 Kf6 77. Kg8 Re8+ 78. Kh7 Rd8 79. Kh6 Rh8#) 53. Bc4 Kc5 {Black mates.} 54. Bd3 Rh2 55. Be4 Rh3+ 56. Kd2 Kd4 57. Bd3 e4 {Accuracy: White = 41%, Black = 73%.} 0-1

[Event "FRA-chT Top 12 2019"]
[Site "Brest"]
[Date "2019.05.27"]
[Round "10.7"]
[White "Marcelin, Cyril"]
[Black "Giroyan, Gary"]
[Result "0-1"]
[WhiteElo "2451"]
[BlackElo "2409"]
[Annotator "ChessBase"]
[PlyCount "68"]
[EventDate "2019.05.18"]
[EventType "team-tourn"]
[EventCountry "FRA"]
[SourceTitle "playchess.com"]
[Source "ChessBase"]
[SourceQuality "1"]
[TimeControl "40/5400+30:1800+30"]

1. d4 {[%emt 0:00:00]} Nf6 {[%emt 0:00:13]} 2. Nf3 {[%emt 0:00:00]} g6 {[%emt 0:00:17]} 3. Nbd2 {[%emt 0:00:09]} c5 {[%emt 0:08:18]} 4. dxc5 {[%emt 0:01:19]} Qa5 {[%emt 0:08:51]} 5. a3 {[%emt 0:01:15]} Qxc5 {[%emt 0:01:38]} 6. b4 {[%emt 0:00:45]} Qc7 {[%emt 0:01:23]} 7. Bb2 {[%emt 0:00:12]} Bg7 {[%emt 0:00:02]} 8. c4 {[%emt 0:00:34]} O-O {[%emt 0:00:57]} 9. g3 {[%emt 0:14:03]} a5 {[%emt 0:17:00]} 10. Bg2 {[%emt 0:02:23]} axb4 {[%emt 0:01:51]} 11. axb4 {[%emt 0:00:08]} Rxa1 {[%emt 0:00:02]} 12. Qxa1 {[%emt 0:03:18]} Na6 {[%emt 0:01:07]} 13. Qb1 {[%emt 0:29:19]} d5 {[%emt 0:19:51]} 14. b5 {[%emt 0:08:24]} Bf5 {[%emt 0:11:02]} 15. Qc1 {[%emt 0:02:21]} Nc5 {[%emt 0:11:20]} 16. O-O {[%emt 0:01:43]} dxc4 {[%emt 0:00:27]} 17. Qxc4 {[%emt 0:02:51]} Be6 {[%emt 0:00:14]} 18. Qh4 {[%emt 0:04:15]} Qa5 {[%emt 0:04:03]} 19. Ng5 {[%emt 0:19:47]} h6 {[%emt 0:00:02]} 20. Bxf6 {[%emt 0:01:43]} exf6 {[%emt 0:00:35]} 21. Nxe6 {[%emt 0:01:16]} Nxe6 {[%emt 0:00:10]} 22. Ne4 {[%emt 0:02:06]} Qxb5 {[%emt 0:04:30]} 23. Nd6 {[%emt 0:00:42]} Qxe2 {[%emt 0:00:12]} 24. Nxb7 {[%emt 0:00:16]} f5 {[%emt 0:00:56]} 25. Qe7 {[%emt 0:00:52]} Bd4 {[%emt 0:01:29]} 26. Qb4 {[%emt 0:01:36]} Rc8 {[%emt 0:02:09]} 27. Qe1 {[%emt 0:01:10]} Qa2 {[%emt 0:02:44]} 28. Qd1 {[%emt 0:00:46]} Rc2 {[%emt 0:00:01]} 29. Qf3 {[%emt 0:00:26]} Ng5 {[%emt 0:00:02]} 30. Qf4 {[%emt 0:00:36]} Rxf2 {[%emt 0:00:07]} 31. Qxf2 {[%emt 0:00:39]} Bxf2+ {[%emt 0:00:09]} 32. Rxf2 {[%emt 0:00:04]} Qb1+ {[%emt 0:00:17]} 33. Rf1 {[%emt 0:00:05]} Qb6+ {[%emt 0:00:01]} 34. Kh1 {[%emt 0:00:14]} Ne4 {[%emt 0:00:01]} 0-1